| 000 | 00530nam a22001697a 4500 | ||
|---|---|---|---|
| 003 | MACL | ||
| 005 | 20151207161413.0 | ||
| 008 | 151207b xxu||||| |||| 00| 0 eng d | ||
| 040 | _cMACL | ||
| 041 | _aHindi | ||
| 082 | _a742 | ||
| 100 |
_aडाॅ शिवानन्द नौटियाल _919727 |
||
| 245 | _aअरूणाचल की लोक कथाएं | ||
| 260 |
_bगैलेक्सी पब्लिशर्स _c2012 |
||
| 650 |
_aचिल्डन बुक _9314 |
||
| 942 |
_2ddc _cHIN |
||
| 999 |
_c51447 _d51447 |
||